នរណាកំណត់?​ / (Record no. 6451)

MARC details
000 -LEADER
fixed length control field 02381nam a22002537a 4500
001 - CONTROL NUMBER
control field 6451
003 - CONTROL NUMBER IDENTIFIER
control field FISKH
005 - DATE AND TIME OF LATEST TRANSACTION
control field 20250512144531.0
008 - FIXED-LENGTH DATA ELEMENTS--GENERAL INFORMATION
fixed length control field 250505b cb ||||| |||| 00| 0 eng d
040 ## - CATALOGING SOURCE
Original cataloging agency FISKH
Language of cataloging khr
Transcribing agency FISKH
Modifying agency FISKH
050 ## - LIBRARY OF CONGRESS CALL NUMBER
Classification number PZ7
082 ## - DEWEY DECIMAL CLASSIFICATION NUMBER
Classification number 800
100 ## - MAIN ENTRY--PERSONAL NAME
Personal name Samnang , Mao
245 ## - TITLE STATEMENT
Title នរណាកំណត់?​ /
Statement of responsibility, etc. និពន្ធដោយអ្នកស្រី ម៉ៅ សំណាង
250 ## - EDITION STATEMENT
Edition statement ចេញផ្សាយឆ្នាំ ២០១០
260 ## - PUBLICATION, DISTRIBUTION, ETC.
Place of publication, distribution, etc. ភ្នំពេញ :
Name of publisher, distributor, etc. បណ្ណាល័យ សុរិយារង្សី ,
Date of publication, distribution, etc. 2010 .
300 ## - PHYSICAL DESCRIPTION
Extent 134 pages :
Other physical details illustrations ;
Dimensions 21 cm .
520 ## - SUMMARY, ETC.
Summary, etc. គឺជាប្រលោមលោកមនោសញ្ចេតនាដែលបង្ហាញពីការរីកចម្រើននៃតួអង្គឯកម្នាក់ ដែលមានបេះដូងស្រពេចស្រពិល និងមិនច្បាស់អំពីអារម្មណ៍របស់ខ្លួន។ តួអង្គនេះត្រូវប្រឈមមុខនឹងការបែងចែកអារម្មណ៍រវាងសេចក្ដីអាណិត និងសេចក្ដីស្រឡាញ់។ ក្នុងដំណើររបស់រឿង តួអង្គបានរៀនពីមេរៀននៃសេចក្ដីអាណិត និងសេចក្ដីស្រឡាញ់ ហើយព្យាយាមកែប្រែខ្លួនឱ្យកាន់តែប្រសើរឡើង ដើម្បីបង្ហាញចិត្ដស្មោះ និងឱ្យមនុស្សដែលខ្លួនស្រឡាញ់មានឱកាសម្តងទៀត ។<br/><br/>
520 ## - SUMMARY, ETC.
Summary, etc. It is a romantic novel that depicts the development of a single character who is heartbroken and unsure of his feelings. The character must face the emotional divide between pity and love.Throughout the story, the characters learn lessons of compassion and love and try to change themselves for the better, to show their sincerity and give the people they love another chance.
650 ## - SUBJECT ADDED ENTRY--TOPICAL TERM
Topical term or geographic name entry element នរណាកំណត់
Form subdivision ប្រលោមលោកមនោសញ្ចេតនា​
650 ## - SUBJECT ADDED ENTRY--TOPICAL TERM
Topical term or geographic name entry element Norna kom not
Form subdivision Romance fiction
942 ## - ADDED ENTRY ELEMENTS (KOHA)
Source of classification or shelving scheme Dewey Decimal Classification
Koha item type Khmer Books
Suppress in OPAC No
Holdings
Withdrawn status Lost status Source of classification or shelving scheme Damaged status Not for loan Collection Home library Current library Shelving location Date acquired Total Checkouts Full call number Barcode Date last seen Price effective from Koha item type
    Dewey Decimal Classification     Khmer Language Books / សៀវភៅភាសាខ្មែរ Footprints International School Library Network Toul Tom Poung Campus Footprints International School Library Network Toul Tom Poung Campus TTP Secondary Khmer Bookshelves 05/05/2025   SAM PZ7 800 FISSE01755 05/05/2025 05/05/2025 Khmer Books